[Event "Titled Tue 1st Jul Late"]
[Site "chess.com INT"]
[Date "2025.07.01"]
[Round "7"]
[White "Ibrahimli, Murad"]
[Black "Carlsen, Magnus"]
[Result "0-1"]
[WhiteTitle "IM"]
[BlackTitle "GM"]
[WhiteElo "2448"]
[BlackElo "2837"]
[WhiteFideId "13410229"]
[BlackFideId "1503014"]
[EventDate "2025.07.01"]

1. d4 g6 2. c4 Bg7 3. Nf3 d6 4. Nc3 Nd7 5. e4 e5 6. Be2 Ne7 7. O-O O-O 8. Rb1 a5
9. Be3 h6 10. Qc1 Kh7 11. Rd1 f5 12. dxe5 dxe5 13. exf5 Nxf5 14. Ne4 Qe7 15. Bd3
b6 16. c5 Nxe3 17. Qxe3 bxc5 18. Neg5+ Kh8 19. Qe4 c4 20. Bxc4 hxg5 21. Qxa8 Nb6
22. Qc6 e4 23. Re1 Qf6 24. Qxf6 Bxf6 25. Rxe4 Bf5 26. Bd3 Bxe4 27. Bxe4 g4 28.
Nd2 Bd4 29. Rf1 Na4 30. Nb3 Bb6 31. Bxg6 Nxb2 32. g3 Rd8 33. Rb1 Nc4 34. a4 Ne5
35. Be4 c5 36. Na1 Ba7 37. Nc2 c4 38. Rb7 Bc5 39. Rb5 Rc8 40. Kg2 Nd3 41. Rxa5
Rf8 42. f4 gxf3+ 43. Kf1 Rc8 44. Ra8 Rxa8 45. Bxa8 f2 46. Bd5 c3 47. Bc4 Ne5 48.
Bb5 Nf3 49. h4 Nd2+ 50. Kg2 Bb6 51. g4 Kg7 52. Bd3 Kh6 53. g5+ Kh5 54. g6 Kh6
55. h5 Nb3 56. Nb4 Nc5 57. Bc2 Ne6 58. Nd3 Nd4 59. Bd1 Nf5 60. Bb3 Nh4+ 61. Kf1
Nf3 62. Ke2 Nd2 63. Bc2 f1=Q# 0-1

[Event "Titled Tue 1st Jul Late"]
[Site "chess.com INT"]
[Date "2025.07.01"]
[Round "7"]
[White "Erdogmus, Yagiz Kaan"]
[Black "Tabatabaei, M. Amin"]
[Result "1/2-1/2"]
[WhiteTitle "GM"]
[BlackTitle "GM"]
[WhiteElo "2626"]
[BlackElo "2655"]
[WhiteFideId "44599790"]
[BlackFideId "12521213"]
[EventDate "2025.07.01"]

1. e4 c6 2. Nc3 d5 3. Qf3 e5 4. exd5 Nf6 5. dxc6 Nxc6 6. Bb5 Bd7 7. Nge2 Bc5 8.
O-O O-O 9. d3 Nb4 10. Bg5 Bg4 11. Bxf6 Bxf3 12. Bxd8 Bxe2 13. Nxe2 Rfxd8 14. Ba4
Rac8 15. a3 Nd5 16. Bb3 b5 17. g3 Bb6 18. Kg2 Nf6 19. Rad1 g6 20. h3 h5 21. Nc3
a6 22. f4 Bd4 23. fxe5 Bxe5 24. Rde1 Bd4 25. Re7 Rf8 26. Ne2 Bxb2 27. d4 Rce8
28. Rxe8 Nxe8 29. a4 Kg7 30. axb5 axb5 31. Rb1 Ba3 32. Nf4 Nf6 33. Re1 Rd8 34.
c3 Rc8 35. Re3 Bd6 36. Ne2 Ra8 37. Kf3 Ra3 38. c4 bxc4 39. Bxc4 Ra4 40. Bb3 Rb4
41. Rd3 Nh7 42. h4 Nf6 43. Nf4 Rb5 44. Bc4 Ra5 45. Ke2 Bc7 46. Bb3 Rb5 47. Kf3
Bb8 48. d5 Bd6 49. Ne2 Ng4 50. Rc3 Rb4 51. Kg2 Re4 52. Ng1 Be5 53. Rd3 Re1 54.
d6 Bf6 55. d7 Bd8 56. Nf3 Re2+ 57. Kf1 Rf2+ 58. Ke1 Rb2 59. Ng5 Ba5+ 60. Kf1 Bb6
61. Ke1 Ba5+ 62. Kf1 Rf2+ 63. Kg1 Rb2 64. Kf1 1/2-1/2

[Event "Titled Tue 1st Jul Late"]
[Site "chess.com INT"]
[Date "2025.07.01"]
[Round "7"]
[White "Albertini, Luca"]
[Black "Reprintsev, Alexander"]
[Result "1/2-1/2"]
[BlackTitle "IM"]
[WhiteElo "2131"]
[BlackElo "2256"]
[WhiteFideId "847038"]
[BlackFideId "14100541"]
[EventDate "2025.07.01"]

1. d4 d5 2. c4 e5 3. dxe5 d4 4. Nf3 Nc6 5. Bf4 Nge7 6. h3 Ng6 7. Bh2 h5 8. Nbd2
Bf5 9. a3 a5 10. Nb3 d3 11. exd3 a4 12. Nc1 Bc5 13. Be2 Qd7 14. Na2 Rd8 15. Qxa4
O-O 16. Rd1 Rfe8 17. b4 Ncxe5 18. Qxd7 Nxf3+ 19. gxf3 Rxd7 20. bxc5 Bxd3 21. Nc1
Bxe2 22. Nxe2 Rde7 23. Rd2 Nh4 24. Kd1 Nxf3 25. Rc2 Ra8 26. Ra2 Re4 27. Bxc7
Rxc4 28. Bd6 b6 29. Rc2 Rxc2 30. Kxc2 bxc5 31. Nc3 Nd4+ 32. Kd3 Ne6 33. Ra1 Rd8
34. Nb5 Nd4 35. Nxd4 Rxd6 36. a4 Rxd4+ 37. Kc3 Rd8 38. a5 g5 39. a6 Kg7 40. Ra5
Kg6 41. Rxc5 g4 42. hxg4 hxg4 43. a7 Ra8 44. Rc7 f5 45. Kd4 Kg5 46. Ke5 Re8+ 47.
Kd4 f4 48. Rc5+ Kh4 49. Rb5 Ra8 50. Rb7 g3 51. fxg3+ fxg3 52. Ke3 Kg4 53. Rg7+
Kh3 54. Rh7+ Kg2 55. Kf4 Rf8+ 56. Ke3 Re8+ 57. Kd3 Rd8+ 58. Ke3 Re8+ 59. Kd3 Kf2
60. Rf7+ Kg1 61. Re7 Rd8+ 62. Ke2 g2 63. Rb7 Re8+ 64. Kf3 Rf8+ 65. Kg3 Rg8+ 66.
Kf3 Rf8+ 67. Kg3 Kh1 68. Rh7+ Kg1 69. Rb7 1/2-1/2

[Event "Titled Tue 1st Jul Late"]
[Site "chess.com INT"]
[Date "2025.07.01"]
[Round "7"]
[White "Svane, Rasmus"]
[Black "Dyachuk, Artem"]
[Result "1/2-1/2"]
[WhiteTitle "GM"]
[BlackTitle "FM"]
[WhiteElo "2626"]
[BlackElo "2374"]
[WhiteFideId "4657101"]
[BlackFideId "34107924"]
[EventDate "2025.07.01"]

1. Nf3 Nf6 2. g3 b5 3. Bg2 Bb7 4. d4 e6 5. Bg5 Be7 6. Qd3 a6 7. O-O O-O 8. a4 b4
9. Nbd2 d5 10. c4 bxc3 11. bxc3 c5 12. Bxf6 Bxf6 13. Rab1 Qc7 14. e4 Nd7 15. e5
Be7 16. h4 Rfc8 17. Ng5 Nf8 18. Qf3 Bxg5 19. hxg5 Bc6 20. Nb3 c4 21. Nc5 Nd7 22.
Nxd7 Bxd7 23. Ra1 Rab8 24. Qh5 Rb3 25. Bf3 Be8 26. Qh4 Qe7 27. Rfc1 h6 28. gxh6
Qxh4 29. gxh4 gxh6 30. Bd1 Rb2 31. Kg2 Rcb8 32. Kf3 Rd2 33. Rc2 Rb2 34. Rxb2
Rxb2 35. Ke3 a5 36. h5 Kf8 37. f4 Ke7 38. Rc1 Kd8 39. Bc2 Kc7 40. f5 exf5 41.
Bxf5 Bxa4 42. Ra1 Bc2 43. Bxc2 Rxc2 44. Rxa5 Rxc3+ 45. Ke2 Rh3 46. Rxd5 c3 47.
Rc5+ Kd7 48. d5 Rxh5 49. e6+ Kd6 50. exf7 Re5+ 51. Kd3 Rf5 52. Rxc3 Rxf7 53. Ke4
Re7+ 54. Kd4 Rh7 55. Rc6+ Kd7 56. Ra6 Rh8 57. Ra7+ Kd6 58. Ra6+ Kd7 59. Ke5 Re8+
60. Kf5 h5 61. Rh6 Rf8+ 62. Ke5 Re8+ 63. Kd4 Ra8 64. Rh7+ Kd6 65. Rh6+ Kd7 66.
Rxh5 Ra1 67. Rh7+ Kd6 68. Rh6+ Kd7 69. Rh3 Rd1+ 70. Rd3 Rxd3+ 71. Kxd3 Kd6 72.
Kd4 Kd7 73. Ke5 Ke7 74. d6+ Kd7 75. Kd5 Kd8 76. Ke6 Ke8 77. d7+ Kd8 78. Kf7 Kxd7 1/2-1/2

[Event "Titled Tue 1st Jul Late"]
[Site "chess.com INT"]
[Date "2025.07.01"]
[Round "7"]
[White "Silvestre, Christian"]
[Black "Klys, Kacper"]
[Result "1-0"]
[BlackTitle "CM"]
[WhiteElo "1992"]
[BlackElo "2218"]
[WhiteFideId "30956269"]
[BlackFideId "21005281"]
[EventDate "2025.07.01"]

1. e4 e5 2. Nf3 Nc6 3. Bc4 Nf6 4. d3 h6 5. Nbd2 d6 6. c3 g5 7. h3 Bg7 8. Qe2 Qe7
9. Nf1 Nh5 10. Ng3 Nxg3 11. fxg3 f5 12. exf5 Bxf5 13. g4 Be6 14. Bb5 Bd7 15. Bd2
O-O-O 16. O-O-O Kb8 17. Kb1 Rde8 18. Qf2 Rhf8 19. Rhf1 d5 20. Qg1 Qd6 21. Be3 d4
22. Bd2 Be6 23. c4 Bg8 24. Bc1 Bh7 25. Ka1 Re7 26. Qf2 Nb4 27. Qe2 Qg6 28. Ne1
Rxf1 29. Qxf1 c6 30. Ba4 Na6 31. Bc2 Nb4 32. Bb1 a5 33. Nf3 Na6 34. a3 Nc5 35.
Bc2 Qf6 36. Qe1 Rd7 37. Qxa5 Qd6 38. Qb4 Bf8 39. Qe1 Re7 40. Qf2 Rf7 41. Qe2 Bg7
42. Bd2 Na6 43. Bc1 Re7 44. Nd2 Nc5 45. Ne4 Nxe4 46. dxe4 Bg8 47. Bd3 Qc5 48.
Bd2 Qa7 49. Bb4 c5 50. Bd2 Re6 51. Rf1 Qb6 52. Bc1 Qd8 53. Qc2 Ra6 54. Qb3 Rb6
55. Qc2 Be6 56. Qa4 Bd7 57. Qa5 Qc7 58. Rf7 Bf6 59. Rxd7 Qxd7 60. Qxb6 Be7 61.
Qxh6 Qa4 62. Qh8+ Ka7 63. Qg7 Qd1 64. Qxe7 Qxc1+ 65. Bb1 Kb6 66. Qd6+ Ka7 67.
Qxc5+ b6 68. Qc7+ Ka6 69. Qc6 d3 70. Qb5+ Ka7 71. c5 d2 72. Qxb6+ Ka8 73. c6
Qxb1+ 74. Kxb1 d1=Q+ 75. Ka2 1-0

[Event "Titled Tue 1st Jul Late"]
[Site "chess.com INT"]
[Date "2025.07.01"]
[Round "7"]
[White "Shuvalova, Polina"]
[Black "Chekletsov, Ilya"]
[Result "1-0"]
[WhiteTitle "IM"]
[BlackTitle "IM"]
[WhiteElo "2480"]
[BlackElo "2338"]
[WhiteFideId "24171760"]
[BlackFideId "24177156"]
[EventDate "2025.07.01"]

1. e4 c5 2. Nf3 d6 3. Bb5+ Bd7 4. Bxd7+ Qxd7 5. O-O Nf6 6. Re1 Nc6 7. c3 e6 8.
d4 cxd4 9. cxd4 d5 10. e5 Ne4 11. a3 Be7 12. Nbd2 Nxd2 13. Bxd2 O-O-O 14. b4 a6
15. Qb3 Na7 16. a4 Kb8 17. b5 axb5 18. Reb1 b4 19. Bxb4 Bxb4 20. Qxb4 Rc8 21. a5
Ka8 22. h3 Rc4 23. Qd2 Rhc8 24. Rb2 h6 25. Rab1 R8c7 26. a6 b5 27. Qa5 Rc1+ 28.
Kh2 Rxb1 29. Rxb1 Rc6 30. Ne1 Qc7 31. Qa3 Qc8 32. Ra1 Rc3 33. Qe7 Rc7 34. Qd6
Rc6 35. Qb4 Rc4 36. Qe7 Rc7 37. Qa3 Rc3 38. Qa5 Qc7 39. Qb4 Rc4 40. Qf8+ Nc8 41.
Rb1 Rxd4 42. Nf3 Ra4 43. Rxb5 Rxa6 44. Qxg7 h5 45. Qh8 Ra4 46. Qxh5 Na7 47. Rb3
Rc4 48. Ra3 Qd7 49. Qh8+ Rc8 50. Qf6 Rc7 51. Qf4 Rc8 52. Nd4 Kb7 53. Qe3 Rc4 54.
Qb3+ Kc8 55. Qe3 Qb7 56. Nf3 Nc6 57. Qg5 Qd7 58. Qg8+ Qd8 59. Qxf7 Qd7 60. Ra8+
Kc7 61. Qf8 Kb7 62. Ra3 Rb4 63. Qa8+ Kc7 64. Qa6 Rb6 65. Qa8 Rb7 66. Rc3 Rb8 67.
Qa4 Rb6 68. Nd4 Kb7 69. Nb3 Kc7 70. Nc5 Qe7 71. Na6+ Kb7 72. Nc5+ Kc7 73. h4 Qe8
74. g3 Kc8 75. Qa8+ 1-0

[Event "Titled Tue 1st Jul Late"]
[Site "chess.com INT"]
[Date "2025.07.01"]
[Round "7"]
[White "Estrada Nieto, Julian"]
[Black "Tekeyev, Zaur"]
[Result "1/2-1/2"]
[WhiteTitle "IM"]
[BlackTitle "IM"]
[WhiteElo "2181"]
[BlackElo "2407"]
[WhiteFideId "5101018"]
[BlackFideId "4199731"]
[EventDate "2025.07.01"]

1. e4 e5 2. Nf3 Nc6 3. Bb5 Nf6 4. O-O Nxe4 5. d4 Nd6 6. Bxc6 dxc6 7. dxe5 Nf5 8.
Qe2 Nd4 9. Nxd4 Qxd4 10. Rd1 Qg4 11. f3 Qg6 12. Be3 Bf5 13. Rd2 Bb4 14. Nc3 O-O
15. Rad1 Rfe8 16. Bf4 Be6 17. a3 Bxc3 18. bxc3 c5 19. Qf2 b6 20. h4 h5 21. Kh2
Kh7 22. Qg3 Qxg3+ 23. Kxg3 Kg6 24. Bg5 a5 25. Bd8 Ra7 26. Kf4 a4 27. g4 b5 28.
Rg1 hxg4 29. fxg4 b4 30. h5+ Kh7 31. cxb4 cxb4 32. g5 c5 33. g6+ Kg8 34. Bb6 Rb7
35. Bxc5 b3 36. cxb3 axb3 37. Bb4 Rc7 38. h6 Rc4+ 39. Ke3 gxh6 40. gxf7+ Kxf7
41. Rf2+ Bf5 42. Rxf5+ Ke6 43. Rh5 b2 44. Rxh6+ Kd5 45. Rb1 Rc2 46. Rd6+ Kxe5
47. Rd2 Kf5+ 48. Kd3 Rc6 49. Rbxb2 Rd8+ 50. Ke2 Re6+ 51. Kd1 Rh8 52. Rf2+ Ke4
53. Rfe2+ Kd5 54. Rxe6 Kxe6 55. Kc2 Rh2+ 56. Kb3 Rxb2+ 57. Kxb2 Kd7 58. Kb3 Kc8
59. Kc4 Kb7 60. Kb5 Ka8 61. a4 Kb8 62. Bc5 Ka8 63. Bb6 Kb8 64. Kc6 Ka8 65. Bc5
Kb8 66. Kb6 Ka8 67. Ka6 Kb8 68. a5 Ka8 69. Bb4 Kb8 70. Kb5 Ka8 71. Bc5 Kb8 72.
Bd4 Ka8 73. Bc3 Kb8 74. Bb2 Ka8 75. Bc1 Kb8 76. Be3 Ka8 77. Kc6 Kb8 78. Bd4 Ka8
79. Bc5 Kb8 80. a6 Ka8 81. Bd6 Ka7 82. Kb5 Ka8 83. Bc7 Ka7 84. Bb6+ Ka8 85. Kc6
Kb8 86. Ba5 Ka8 87. Kb6 Kb8 88. Bc3 Ka8 89. Bd4 Kb8 90. Be5+ Ka8 91. a7 1/2-1/2

[Event "Titled Tue 1st Jul Late"]
[Site "chess.com INT"]
[Date "2025.07.01"]
[Round "7"]
[White "Brancaleoni, Maurizio"]
[Black "Vigoa Apecheche, Yanira"]
[Result "1-0"]
[WhiteTitle "FM"]
[BlackTitle "WGM"]
[WhiteElo "2185"]
[BlackElo "2232"]
[WhiteFideId "803022"]
[BlackFideId "3507041"]
[EventDate "2025.07.01"]

1. Nf3 c5 2. c3 Nc6 3. e4 d6 4. d4 cxd4 5. cxd4 Bg4 6. d5 Nb8 7. Qb3 Qc8 8. Nc3
Nd7 9. Nd4 Ngf6 10. f3 Bh5 11. Be3 Nc5 12. Qa3 a6 13. b4 Ncd7 14. Rc1 Qd8 15.
Be2 h6 16. O-O g5 17. Qb3 Bg7 18. Nf5 Kf8 19. a4 Bg6 20. Nxg7 Kxg7 21. Rc2 a5
22. Rfc1 axb4 23. Qxb4 b6 24. Bb5 Nc5 25. Ne2 g4 26. Nd4 Qc8 27. Kh1 gxf3 28.
gxf3 Qh3 29. Rg1 Kh7 30. Rg3 Qh5 31. Be2 Qe5 32. Bb5 Nxd5 33. Qd2 Nxe3 34. Qxe3
Nxe4 35. fxe4 Qxe4+ 36. Kg1 Qxe3+ 37. Rxe3 Bxc2 38. Nxc2 Rhf8 39. Rxe7 Rac8 40.
Re3 f5 41. Bd3 Kg6 42. Kf2 Kg5 43. Nd4 f4 44. Re2 Rf6 45. Bb5 Rc5 46. Ne6+ Kh4
47. Nxc5 dxc5 48. Kf3 Kg5 49. Re5+ Kg6 50. Bc4 Rd6 51. Re6+ Rxe6 52. Bxe6 Kf6
53. Bc4 Ke5 54. Bb5 h5 55. h4 Kd4 56. Kxf4 c4 57. Bxc4 Kxc4 58. Kg5 Kb4 59. Kxh5
Kxa4 60. Kg5 b5 61. h5 b4 62. h6 b3 63. h7 Ka3 64. h8=Q b2 65. Qa8+ Kb3 66. Qb7+
Ka2 67. Qa6+ Kb3 68. Qb5+ Kc2 69. Qc4+ Kd1 70. Qd3+ Kc1 71. Qc3+ Kb1 72. Kf4 Ka1
73. Qa3+ Kb1 74. Ke3 Kc2 75. Qa4+ Kc1 76. Qc4+ Kd1 77. Qb3+ Kc1 78. Qc3+ Kb1 79.
Kd3 Ka2 80. Qa5+ Kb1 81. Qe1+ Ka2 82. Kc2 Ka3 83. Qb1 1-0

[Event "Titled Tue 1st Jul Late"]
[Site "chess.com INT"]
[Date "2025.07.01"]
[Round "7"]
[White "Yatskar, Martin"]
[Black "Kracht, Raphael"]
[Result "1-0"]
[WhiteTitle "CM"]
[BlackTitle "CM"]
[WhiteElo "2225"]
[BlackElo "2195"]
[WhiteFideId "34109676"]
[BlackFideId "16214382"]
[EventDate "2025.07.01"]

1. d4 d5 2. c4 c5 3. cxd5 Nf6 4. e4 Nxe4 5. dxc5 Nxc5 6. Nc3 a6 7. Nf3 e6 8. Bc4
b5 9. Be2 Bb7 10. dxe6 Qxd1+ 11. Bxd1 Nxe6 12. O-O Nd7 13. Be3 Bc5 14. Re1 O-O
15. Rc1 Bxe3 16. Rxe3 Rac8 17. a3 a5 18. Ra1 Bc6 19. Be2 Nf6 20. Nxb5 Ng4 21.
Rc3 Nf4 22. Bf1 Nd5 23. Rc5 Ba8 24. Rac1 Rxc5 25. Rxc5 Ngf6 26. h3 Ne4 27. Rc1
g6 28. Bd3 Nf4 29. Bf1 Rb8 30. a4 Nf6 31. Nfd4 N6d5 32. g3 Ne6 33. Nxe6 fxe6 34.
Bg2 Kf8 35. Re1 Kf7 36. Rc1 h5 37. h4 Kf6 38. Bf3 Nb4 39. Bxa8 Rxa8 40. Rc3 Rd8
41. Rf3+ Kg7 42. Re3 Kf6 43. Re2 Rd1+ 44. Kg2 Ra1 45. Nc3 Nd5 46. Ne4+ Kg7 47.
Ng5 Nc7 48. Rc2 Nd5 49. Nxe6+ Kf6 50. Nc5 Nb4 51. Rd2 Ke7 52. Rd7+ Kf6 53. Ra7
Ra2 54. Rxa5 Kf7 55. Rb5 Nd5 56. a5 g5 57. hxg5 Kg6 58. a6 Kxg5 59. Nd3 Kh6 60.
Rxd5 Rxa6 61. Nf4 h4 62. Rh5+ Kg7 63. Rxh4 Ra2 64. Rg4+ Kh7 65. b4 Rb2 66. Rh4+
Kg7 67. Nh3 Kg6 68. Re4 Kf5 69. Rc4 Kg6 70. Nf4+ Kg5 71. Rc5+ Kg4 72. Kf1 Kf3
73. Rc3+ Kg4 74. Nd3 Rb1+ 75. Ke2 Kg5 76. b5 Kg6 77. Rc6+ Kf5 78. b6 Ke4 79.
Rc4+ Kd5 80. Rb4 Kd6 81. Rxb1 Kd5 82. b7 Kd4 83. g4 Ke4 84. f4 Kd4 85. g5 Ke4
86. g6 Kf5 87. g7 Ke4 88. g8=N Kd4 89. b8=N Ke4 90. Rg1 Kd4 91. f5 Kc3 92. f6
Kd4 93. f7 Ke4 94. f8=N Kf5 95. Rh1 Kg5 96. Rh8 Kf5 97. Ne7+ Kf6 98. Nbc6 Kf7
99. Nde5+ Kf6 100. Nfd7+ Kg5 101. Rg8+ Kf4 102. Nd5+ Ke4 103. Nce7 Kd4 104. Rg4# 1-0

[Event "Titled Tue 1st Jul Late"]
[Site "chess.com INT"]
[Date "2025.07.01"]
[Round "7"]
[White "Unver, Cumayi"]
[Black "Jimenez Salas, Maria Teresa"]
[Result "1/2-1/2"]
[BlackTitle "WIM"]
[WhiteElo "2012"]
[BlackElo "2170"]
[WhiteFideId "6304940"]
[BlackFideId "3843866"]
[EventDate "2025.07.01"]

1. d4 d5 2. Nf3 Nf6 3. e3 c5 4. c4 cxd4 5. Nxd4 e5 6. Nf3 Nc6 7. cxd5 Qxd5 8.
Nc3 Qxd1+ 9. Kxd1 Bg4 10. Be2 O-O-O+ 11. Ke1 Nb4 12. Rb1 e4 13. Ng5 Nd3+ 14.
Bxd3 Rxd3 15. Bd2 Bb4 16. a3 Bxc3 17. Bxc3 Rhd8 18. f3 exf3 19. gxf3 Bh5 20. Kf2
h6 21. Bxf6 gxf6 22. Ne4 f5 23. Rhc1+ Kb8 24. Nc5 Rd2+ 25. Kg3 a6 26. Rc3 Rg8+
27. Kf4 Rxh2 28. Nd7+ Ka7 29. Nf6 Rg6 30. Nxh5 Rxh5 31. Rd1 Rb6 32. b4 Rb5 33.
Rd7 f6 34. Rd6 a5 35. bxa5 Rxa5 36. Rxf6 Ra4+ 37. Kg3 Rg5+ 38. Kf2 Rh4 39. Ke2
Rh2+ 40. Kd3 Rh3 41. f4 Rgg3 42. Kd4 Rh5 43. Rc5 Rhh3 44. Re5 Rg1 45. Rfxf5 Rd1+
46. Kc5 Ra1 47. Kd6 Rxa3 48. Ke6 Raxe3 49. Rxe3 Rxe3+ 50. Kf6 Rh3 51. Kg6 Ka6
52. Re5 b5 53. f5 b4 54. f6 Rg3+ 55. Kxh6 b3 56. f7 Rf3 57. Kg7 b2 58. Re1 Kb5
59. Rb1 Rg3+ 60. Kf8 Rg2 61. Ke8 Re2+ 62. Kd8 Rd2+ 63. Ke8 Re2+ 64. Kd8 Rf2 65.
Ke8 Kb4 66. Rxb2+ Rxb2 67. f8=Q+ Kb3 68. Kd7 Rd2+ 69. Kc6 Rc2+ 70. Kb5 Rc3 71.
Qf6 Kc2 72. Qe5 Kd3 73. Kb4 Rc4+ 74. Kb3 Re4 75. Qd5+ Ke3 76. Qf5 Rf4 77. Qg5
Ke4 78. Kc3 Rf5 79. Qg4+ Rf4 80. Qe6+ Kf3 81. Kd3 Kg3 82. Qe5 Kg4 83. Ke3 Rf5
84. Qe6 Kg5 85. Ke4 Rf4+ 86. Ke3 Rf5 87. Qe7+ Kg6 88. Ke4 Rf6 89. Ke5 Rf5+ 90.
Ke6 Rg5 91. Qf7+ Kh6 92. Kf6 Rf5+ 93. Kxf5 1/2-1/2

[Event "Titled Tue 1st Jul Late"]
[Site "chess.com INT"]
[Date "2025.07.01"]
[Round "7"]
[White "Leinov, Roman"]
[Black "Faryma, Matviy"]
[Result "0-1"]
[WhiteTitle "CM"]
[WhiteElo "2120"]
[BlackElo "2230"]
[WhiteFideId "13504649"]
[BlackFideId "1961578"]
[EventDate "2025.07.01"]

1. Nf3 g6 2. g3 Bg7 3. Bg2 b5 4. Ne5 d5 5. d4 Bb7 6. c4 Bxe5 7. dxe5 bxc4 8. b3
Qc8 9. bxc4 dxc4 10. Qa4+ Nd7 11. Bc6 Bxc6 12. Qxc6 Rb8 13. Be3 Qb7 14. Qxb7
Rxb7 15. f4 f6 16. e6 Nf8 17. Nd2 Nxe6 18. Nxc4 Nh6 19. Kd2 Nf5 20. Bf2 Kf7 21.
Kc3 Rhb8 22. e4 Nd6 23. e5 Nxc4 24. Kxc4 Rb4+ 25. Kc3 a5 26. Rhe1 Rb2 27. Bg1 c6
28. exf6 exf6 29. Rad1 R2b7 30. Rd6 Nc7 31. Rxc6 Nd5+ 32. Kc4 Nb4 33. Rc5 a4 34.
a3 Nc2 35. Rc1 Nxa3+ 36. Kd5 Nb5 37. Ke4 Nd6+ 38. Kf3 a3 39. Ra5 Rb3+ 40. Kg2
Rb2+ 41. Kh3 a2 42. Rc7+ Ke6 43. Rca7 h5 44. Rxa2 Rxa2 45. Rxa2 Rb1 46. Bc5 Ne4
47. Bd4 g5 48. fxg5 fxg5 49. Ra5 Rd1 50. Be3 Kf6 51. Ra6+ Kf7 52. Ra5 Kg6 53.
Ra6+ Nf6 54. Rb6 Rd3 55. Bc1 Kf5 56. Rb4 Rc3 57. Bb2 g4+ 58. Kg2 Rc2+ 59. Kg1
Ne4 60. Rb5+ Kg6 61. Be5 Nd2 62. Bf4 Nf3+ 63. Kf1 Nxh2+ 64. Ke1 Nf3+ 65. Kd1 Rc6
66. Ke2 Re6+ 67. Kd1 Rf6 68. Ra5 h4 69. Ra8 h3 70. Rh8 Rf7 71. Rh6+ Kg7 72. Rh5
Rf6 73. Ke2 Kf7 74. Ke3 Rg6 75. Ke4 h2 76. Kf5 Rg7 0-1

[Event "Titled Tue 1st Jul Late"]
[Site "chess.com INT"]
[Date "2025.07.01"]
[Round "7"]
[White "Becking, Stephan"]
[Black "Arslanov, Shamil"]
[Result "1-0"]
[WhiteTitle "IM"]
[BlackTitle "IM"]
[WhiteElo "2410"]
[BlackElo "2410"]
[WhiteFideId "4632478"]
[BlackFideId "4192826"]
[EventDate "2025.07.01"]

1. d4 e5 2. dxe5 d6 3. exd6 Bxd6 4. Nf3 Nc6 5. Bg5 f6 6. Bh4 Qe7 7. Bg3 Bc5 8.
e3 Bd7 9. c3 O-O-O 10. Qc2 g5 11. Bd3 h5 12. h3 Nh6 13. Nbd2 h4 14. Bh2 g4 15.
Nxh4 Bxe3 16. O-O-O Bxd2+ 17. Rxd2 Qc5 18. Ng6 Rhe8 19. Bf4 Nf7 20. Be3 Qa5 21.
Kb1 Nfe5 22. Nxe5 Nxe5 23. Bf5 gxh3 24. gxh3 Kb8 25. Rhd1 Qb5 26. a4 Qc6 27. Bf4
Bxf5 28. Rxd8+ Bc8 29. Rxe8 Qxe8 30. Bxe5 Qxe5 31. Ka1 b6 32. Qd2 Be6 33. Qd8+
Kb7 34. Qd4 Qe2 35. f3 f5 36. Qd3 Qe5 37. c4 Qa5 38. b3 Qe5+ 39. Ka2 a5 40. Qd4
Qe2+ 41. Qd2 Qxf3 42. Rg1 f4 43. Qg2 Qxg2+ 44. Rxg2 Bxh3 45. Rf2 Bd7 46. Rxf4
Kc6 47. Kb2 Kc5 48. Kc3 Be6 49. Re4 Kd6 50. Kd4 Bd7 51. Rh4 Be6 52. Rh6 Kd7 53.
Kc3 Kd6 54. Rh4 Bd7 55. Rh2 Kc6 56. Rf2 Be6 57. Rd2 Kc5 58. Rd4 Kc6 59. Rd1 Kc5
60. Ra1 Bd7 61. Rg1 Be6 62. Rg5+ Kd6 63. Kd4 Bf7 64. Rf5 Be6 65. Rf6 Kd7 66. Rh6
Kd6 67. Rh5 Kd7 68. Rg5 Kd6 69. Rg3 Kd7 70. c5 Kc6 71. cxb6 cxb6 72. Kc3 Kc5 73.
Rg6 Bd5 74. Rg5 Kd6 75. b4 axb4+ 76. Kxb4 Kc6 77. Rg6+ Kc7 78. Kb5 Be4 79. Rg7+
Kb8 80. Kxb6 Bd5 81. a5 Ka8 82. a6 Kb8 83. Re7 Kc8 84. a7 Kd8 85. Rc7 Be4 86.
Rc5 Bf3 87. Rc3 Ba8 88. Re3 Kd7 89. Rg3 Be4 90. Rg8 Bd5 91. a8=Q Bxa8 92. Rxa8 1-0

[Event "Titled Tue 1st Jul Late"]
[Site "chess.com INT"]
[Date "2025.07.01"]
[Round "7"]
[White "Eswaran, Ashritha"]
[Black "Goltsev, Dmitry"]
[Result "1/2-1/2"]
[WhiteTitle "FM"]
[BlackTitle "FM"]
[WhiteElo "2236"]
[BlackElo "2180"]
[WhiteFideId "2080788"]
[BlackFideId "24176710"]
[EventDate "2025.07.01"]

1. e4 e6 2. d4 d5 3. e5 c5 4. c3 Nc6 5. Nf3 Qb6 6. Bd3 Nh6 7. O-O cxd4 8. Re1
Nf5 9. Bxf5 exf5 10. cxd4 h6 11. Nc3 Be6 12. Rb1 g5 13. Na4 Qb5 14. Nc3 Qb6 15.
Na4 Qa5 16. Bd2 Qa6 17. b4 b5 18. Nc5 Bxc5 19. dxc5 Qxa2 20. Ra1 Qc4 21. Rc1 Qg4
22. Qe2 a6 23. h3 Qh5 24. Qd3 g4 25. Nh2 Rg8 26. hxg4 fxg4 27. Nf1 Nxe5 28. Qh7
Qg6 29. Qxg6 Nxg6 30. Bxh6 Kd7 31. c6+ Kc7 32. Be3 Rgd8 33. Bc5 d4 34. Nd2 Nf4
35. Re4 Nd3 36. Rc2 Rd5 37. Be7 Re8 38. Bh4 Nxb4 39. Bg3+ Kb6 40. Rc1 Nxc6 41.
Nb3 Bd7 42. Rf4 f5 43. Rd1 d3 44. Nd2 a5 45. f3 Nd4 46. fxg4 Ne2+ 47. Kf2 Nxf4
48. Bxf4 fxg4 49. Kg3 Re2 50. Rc1 Rc5 51. Rh1 Bc6 52. Rh6 Rxg2+ 53. Kh4 Rf2 54.
Kxg4 Rg2+ 55. Kh3 Rc1 56. Be3+ Ka6 57. Rxc6+ Rxc6 58. Kxg2 a4 59. Kf3 Re6 60.
Ne4 Re8 61. Nc5+ Ka5 62. Nxd3 a3 63. Bd2+ Kb6 64. Bb4 a2 65. Bc3 Rh8 66. Bxh8
Ka5 67. Ba1 Ka4 68. Ke3 Kb3 69. Kd2 b4 70. Kc1 Kc4 71. Nb2+ Kb3 72. Nd1 Ka3 73.
Ne3 Kb3 74. Nc2 Kc4 75. Kb2 b3 76. Ne3+ Kb4 77. Nd1 Kc4 78. Nc3 Kb4 79. Ne2 Kc4
80. Nc1 Kb4 81. Nxb3 Ka4 82. Kxa2 Kb4 83. Kb2 Kc4 84. Nd2+ Kd3 85. Kc1 Ke3 86.
Kc2 Kf4 87. Bd4 Kf5 88. Kd3 Ke6 89. Ke4 Kd6 90. Nc4+ Kc6 91. Na3 Kd6 92. Nc2 Kc6
93. Ke5 Kd7 94. Kd5 Kc7 95. Bc5 Kb7 96. Nd4 Kc7 97. Ne6+ Kb7 98. Kd6 Kc8 99. Kc6
Kb8 100. Bb6 Ka8 101. Nc5 Kb8 102. Na6+ Ka8 103. Nc7+ Kb8 104. Bc5 Kc8 105. Ba7
Kd8 106. Kd6 Kc8 107. Kc6 Kd8 108. Nd5 Ke8 109. Kd6 Kf7 110. Bd4 Kg6 111. Ke6
Kh5 112. Kf5 Kh4 113. Be5 Kh3 114. Nf4+ Kh2 115. Kg4 Kg1 116. Kf3 Kh2 117. Kf2
Kh1 118. Ne2 1/2-1/2

[Event "Titled Tue 1st Jul Late"]
[Site "chess.com INT"]
[Date "2025.07.01"]
[Round "7"]
[White "Bluebaum, Matthias"]
[Black "Nguyen, Ngoc Truong Son"]
[Result "0-1"]
[WhiteTitle "GM"]
[BlackTitle "GM"]
[WhiteElo "2663"]
[BlackElo "2600"]
[WhiteFideId "24651516"]
[BlackFideId "12401110"]
[EventDate "2025.07.01"]

1. d4 Nf6 2. c4 e6 3. Nc3 d5 4. cxd5 exd5 5. Bg5 c6 6. e3 h6 7. Bf4 Bd6 8. Bxd6
Qxd6 9. Bd3 O-O 10. Nge2 Re8 11. Qd2 b6 12. h3 c5 13. b3 Nc6 14. O-O a6 15. Na4
cxd4 16. exd4 b5 17. Nb6 Rb8 18. Nxc8 Rbxc8 19. Rac1 Ne4 20. Qb2 Nb4 21. Bb1 Nc6
22. Rfe1 Rc7 23. f3 Ng5 24. h4 Ne6 25. Bf5 Rce7 26. Qd2 Nf8 27. Bb1 Qf6 28. Kf1
Re6 29. h5 Qh4 30. Bf5 Rxe2 31. Rxe2 Rxe2 32. Kxe2 Nxd4+ 33. Kd1 Nxf5 34. Rc8
Qxh5 35. Kc2 Qg6 36. Kb2 Qe6 37. Qc3 g6 38. Qc5 Qe7 39. Qxe7 Nxe7 40. Ra8 h5 41.
Rxa6 Ne6 42. a4 bxa4 43. bxa4 Nc5 44. Ra5 Nd3+ 45. Kc3 Nf4 46. Rc5 Ne6 47. Rb5
d4+ 48. Kd3 Nc6 49. a5 Kg7 50. a6 Nc7 51. a7 Nxa7 52. Rb7 Nab5 53. f4 h4 54. Rb6
Kh6 55. Ke4 Kg7 56. Rb8 Nc3+ 57. Kxd4 Ne2+ 58. Ke3 Ng3 59. Kf3 Nd5 60. Rd8 Ne7
61. Rd7 Nef5 62. Ra7 Nh5 63. Kg4 Nf6+ 64. Kf3 Nd4+ 65. Kf2 Ne6 66. Ra4 Ng4+ 67.
Kf3 Nf6 68. f5 gxf5 69. Rxh4 Kg6 70. Ra4 Ng5+ 71. Kg3 Nge4+ 72. Kf3 Ng5+ 73. Kg3
Nh5+ 74. Kf2 Ne6 75. Kf3 Nf6 76. Kf2 Kg5 77. Kf3 Ng4 78. Ra8 Nd4+ 79. Kg3 f4+
80. Kh3 Nf2+ 81. Kh2 Ng4+ 82. Kh3 Ne5 83. Rg8+ Kf5 84. Kh2 f6 85. Rf8 Ne6 86.
Ra8 Ng5 87. Kg1 Kg4 88. Kf2 Ne4+ 89. Kg1 Ng5 90. Ra3 f5 91. Kf2 Ng6 92. Kg1 Nh4
93. Kf2 Ne4+ 94. Kg1 Ng3 95. Kf2 Ne4+ 96. Kg1 Nd6 97. Kf2 Nc4 98. Rb3 Ne3 99.
Ra3 Nhxg2 100. Ra8 Nh4 101. Rg8+ Kh3 102. Rg1 Ng4+ 103. Ke2 f3+ 104. Kf1 f2 105.
Rh1+ Kg3 106. Ke2 Nh2 107. Ra1 f1=Q+ 108. Rxf1 Nxf1 109. Kxf1 f4 110. Ke2 f3+
111. Kf1 f2 112. Ke2 Kg2 113. Ke3 f1=Q 0-1